000 00658nam a2200241Ia 4500
003 OSt
005 20221005072900.0
006 a|||||r|||| 00| 0
007 ta
008 221004b |||||||| |||| 00| 0 eng d
024 _a70245
037 _cTextual
040 _aCRL
_cCRL
_beng
041 _2eng
_aeng
082 _aY133:3.41:N5, K3
100 _aLethbridge Henry J.
_9151986
245 0 _aChina's urban communes
260 _aNew Delhi
_bEurasia Publishing House (P) Ltd. India
_c1963
300 _a74p.
_ccm.
650 _aSOCIOLOGY
942 _hY133:3.41:N5, K3
_cTEXL
_2cc
999 _c980200
_d980200